LEADER 01043nam a22002531i 4500 001 991003456369707536 005 20030822120908.0 008 031111s1951 gw |||||||||||||||||ger 035 $ab12429077-39ule_inst 035 $aARCHE-046236$9ExL 040 $aDip.to Lingue$bita$cA.t.i. Arché s.c.r.l. Pandora Sicilia s.r.l. 082 04$a437.02 100 1 $aHelm, Karl$0192537 245 10$aAbriss der mittelhochdeutschen Grammatik /$cVon Karl Helm 260 $aTubigen :$bMax Niemeyer,$c1951 300 $a69 p. ;$c22 cm 440 0$aSammlung kurzer Grammatiken germanischer Dialekte ;$v8 907 $a.b12429077$b02-04-14$c13-11-03 912 $a991003456369707536 945 $aLE012 F.G. 826$g1$i2012000064645$lle012$o-$pE0.00$q-$rl$s- $t0$u0$v0$w0$x0$y.i12852971$z13-11-03 945 $aLE002 437.02 HEL$g1$i2002000889331$lle002$o-$pE0.00$q-$rn$so $t0$u0$v0$w0$x0$y.i1551903x$z21-06-13 996 $aAbriss der mittelhochdeutschen Grammatik$9166593 997 $aUNISALENTO 998 $ale012$ale002$b13-11-03$cm$da $e-$fger$ggw $h0$i1 LEADER 04349nam 2201273z- 450 001 9910743272403321 005 20230911 035 $a(CKB)5690000000228584 035 $a(oapen)doab113893 035 $a(EXLCZ)995690000000228584 100 $a20230920c2023uuuu -u- - 101 0 $aeng 135 $aurmn|---annan 181 $ctxt$2rdacontent 182 $cc$2rdamedia 183 $acr$2rdacarrier 200 00$aAlgebraic Structures and Graph Theory 210 $cMDPI - Multidisciplinary Digital Publishing Institute$d2023 215 $a1 online resource (280 p.) 311 08$a3-0365-8441-2 330 $aInterconnections between graph theory and algebraic structure theory have always led to innovative solutions to problems in both areas and new research topics in Mathematics and other scientific fields. This reprint aims to emphasize the new theoretical aspects and practical applications of these two research areas. It contains 18 articles selected for publication in the Special Issue "Algebraic Structures and Graph Theory," printed by the MDPI journal Mathematics. The topics addressed by the manuscripts within this reprint cover different aspects principally related to transformation semigroups, Gamma-semigroups, differential graded algebras, BL-algebras, hypergroups and hyperfields, Cayley graphs, graph energy, crossing number, Laplacian spectral radius, hypergraphs, t-graphs, and ideal-based dot total graphs. 606 $aMathematics & science$2bicssc 606 $aResearch & information: general$2bicssc 610 $aaddition signed Cayley graph \({?_{n}^{?}}\) 610 $aautomata 610 $aautomata theory 610 $abinary linear block codes 610 $aBL-algebra 610 $aBL-code 610 $aBL-function 610 $abrauer configuration algebra 610 $abubble-sort graphs 610 $acayley graphs 610 $acharacteristic 610 $achromatic number 610 $acoding theory 610 $acommutative rings 610 $aconfiguration 610 $aconnected components 610 $acrossing number 610 $acycle 610 $aderived categories 610 $adiameter 610 $adifferential graded algebras 610 $adistance Laplacian matrix 610 $adot total graph 610 $aenumerative combinatorics 610 $aequivalent hyperpaths 610 $aextendability 610 $afinite groups 610 $afinitely generated groups 610 $afundamental relation 610 $aGalois extensions 610 $ageneralized reciprocal distance matrix 610 $ageometric space 610 $agraph 610 $agraph energy 610 $agraph theory 610 $ahypercontinuity 610 $ahyperfield 610 $ahypergraph 610 $ahypergroup 610 $ahypergroups 610 $ahyperpath 610 $ahypertree 610 $aideal-based 610 $ajoin product 610 $aknot 610 $alattice path models 610 $aleft tri-ideal 610 $aM-left-tri-basis 610 $aM-right-tri-basis 610 $amagma 610 $amagnifying elements 610 $an/a 610 $aorder 610 $aparity properties 610 $apartial order 610 $apath 610 $apath algebra 610 $aposet 610 $apositive cone 610 $aquantum groups at roots of unity 610 $aquasi-automata 610 $aquasi-multiautomata 610 $aquasi-order 610 $areciprocal distance signless Laplacian matrix 610 $aregular elements 610 $aright tri-ideal 610 $asemiautomata 610 $asocial systems 610 $aspectral radius 610 $astar graphs 610 $astate machines 610 $asubgraph 610 $at-graph 610 $atensor product decomposition 610 $atrace norm 610 $atransformation semigroups 610 $atransposition trees 610 $awild representation type 610 $azero-divisor graph 610 $azero-divisors 615 7$aMathematics & science 615 7$aResearch & information: general 906 $aBOOK 912 $a9910743272403321 996 $aAlgebraic Structures and Graph Theory$93560522 997 $aUNINA